Catálogo

Vista normal Vista MARC

Entrada Personal Name

Número de registros utilizados en: 1

001 - CONTROL NUMBER

  • control field: 8670

003 - CONTROL NUMBER IDENTIFIER

  • control field: DLC

005 - DATE AND TIME OF LATEST TRANSACTION

  • control field: 20221110113636.0

008 - FIXED-LENGTH DATA ELEMENTS

  • fixed length control field: 800820n| azannaabn |a aaa

010 ## - LIBRARY OF CONGRESS CONTROL NUMBER

  • LC control number: n 80073729

035 ## - SYSTEM CONTROL NUMBER

  • System control number: (OCoLC)oca00455165

040 ## - CATALOGING SOURCE

  • Original cataloging agency: DLC
  • Language of cataloging: spa
  • Description conventions: rda
  • Transcribing agency: Mx-PuUPA
  • Modifying agency: DLC
  • Modifying agency: OCoLC
  • Modifying agency: IEN
  • Modifying agency: InU
  • Modifying agency: Mx-PuUPA

046 ## - SPECIAL CODED DATES

  • Birth date: 19220301
  • Death date: 19951222
  • Source of date scheme: edtf

053 #0 - LC CLASSIFICATION NUMBER

  • Classification number element--single number or beginning number of span: PQ6662.U5
  • Explanatory term: Spanish

053 #0 - LC CLASSIFICATION NUMBER

  • Classification number element--single number or beginning number of span: PC3942.22.U48
  • Explanatory term: Catalan

100 1# - HEADING--PERSONAL NAME

  • Personal name: Luján, Néstor,
  • Dates associated with a name: 1922-1995

372 ## - FIELD OF ACTIVITY

  • Field of activity: Historia
  • Field of activity: Gastronomía
  • Field of activity: Alimentación

374 ## - OCCUPATION

  • Occupation: Historiador
  • Occupation: Autor

375 ## - GENDER

  • Gender: hombre

377 ## - ASSOCIATED LANGUAGE

  • Language code: spa

400 0# - SEE FROM TRACING--PERSONAL NAME

  • Personal name: Pickwick
  • Dates associated with a name: 1992-1995

400 1# - SEE FROM TRACING--PERSONAL NAME

  • Personal name: Luján i Fernández, Nèstor
  • Dates associated with a name: 1992-1995

400 1# - SEE FROM TRACING--PERSONAL NAME

  • Personal name: Fernández, Nèstor Luján i
  • Dates associated with a name: 1992-1995

670 ## - SOURCE DATA FOUND

  • Source citation: His De toros y toreros, 1947.

670 ## - SOURCE DATA FOUND

  • Source citation: His Diccionari Luján de gastronomia catalana, 1990:
  • Information found: t.p. (Nèstor Luján) p. 4 cover (Nèstor Luján i Fernández; b. Mataró, 1922; journalist)

670 ## - SOURCE DATA FOUND

  • Source citation: Els fantasmes del Trianon, 1996:
  • Information found: t.p. (Nèstor Luján) front flap (b. Mar. 1, 1922 in Mataró, Spain; d. Dec. 22, 1995)

670 ## - SOURCE DATA FOUND

  • Source citation: Info. converted from 678, 2012-10-02
  • Information found: (b. 1922)

670 ## - SOURCE DATA FOUND

  • Source citation: Historia de la gastronomía, 1997:
  • Information found: portada (Néstor Luján)
  • Uniform Resource Identifier: https://goo.gl/3xPcNZ